000 00745nam a2200265 i 4500
001 C2-0273179
003 PPAK
005 20180728002604.0
008 060809s2006 my a|||| ||||| | eng d
020 _a9679489647
040 _aPPAK
_beng
_cPPAK
_erda
082 0 4 _a398.2
_223
090 0 0 _a398.2
_bRED
_dK
100 0 _aRedzuan Saad,
_eauthor
245 1 0 _aSang kancil and a blind well
264 1 _aMelaka :
_bAssociated Educational Distributors ,
_c2006
300 _a31 pages :
_billustrations ;
_c19 cm
336 _2rdacontent
_atext
337 _2rdamedia
_aunmediated
338 _2rdacarrier
_avolume
490 1 _aFolktales series 2
650 1 0 _aFolk literature, English.
830 0 _aFolktales series 2
942 _ddc
_cB
999 _c81105
_d81105